<?xml version="1.0" encoding="utf-8"?>
<?xml-stylesheet type='text/xsl' href='./oai2.xsl'?>
<OAI-PMH xmlns="http://www.openarchives.org/OAI/2.0/" xmlns:xsi="http://www.w3.org/2001/XMLSchema-instance" xsi:schemaLocation="http://www.openarchives.org/OAI/2.0/ http://www.openarchives.org/OAI/2.0/OAI-PMH.xsd">
  <responseDate>2026-05-15T16:37:27Z</responseDate>
  <request verb="GetRecord" metadataPrefix="marcxml" identifier="record_kuniweb_99785">https://kulturerbe.niedersachsen.de/oai</request>
  <GetRecord>
    <record>
      <header>
        <identifier>record_kuniweb_99785</identifier>
        <datestamp>2026-03-31T19:09:18Z</datestamp>
        <setSpec>slg0220</setSpec>
      </header>
      <metadata>
        <marc:record xmlns:marc="http://www.loc.gov/MARC21/slim" xsi:schemaLocation="http://www.loc.gov/MARC21/slim http://www.loc.gov/standards/marcxml/schema/MARC21slim.xsd">
          <marc:leader>12345nrm  22     uu 4500</marc:leader>
          <marc:controlfield tag="001">99785</marc:controlfield>
          <marc:controlfield tag="003">http://kuniweb.gbv.de</marc:controlfield>
          <marc:controlfield tag="005">2023-11-29T09:21:16</marc:controlfield>
          <marc:controlfield tag="008">|           ||||||||||||||||||||||</marc:controlfield>
          <marc:datafield tag="245" ind1="1" ind2="0">
            <marc:subfield code="a">Urne</marc:subfield>
          </marc:datafield>
          <marc:datafield tag="655" ind1=" " ind2="7">
            <marc:subfield code="a">Archäologie</marc:subfield>
          </marc:datafield>
          <marc:datafield tag="046" ind1=" " ind2=" ">
            <marc:subfield code="k">-1099</marc:subfield>
            <marc:subfield code="k">Periode IV - V</marc:subfield>
            <marc:subfield code="l">-0699</marc:subfield>
          </marc:datafield>
          <marc:datafield tag="260" ind1=" " ind2=" ">
            <marc:subfield code="g">-1099</marc:subfield>
            <marc:subfield code="g">-0699</marc:subfield>
            <marc:subfield code="g">Periode IV - V</marc:subfield>
          </marc:datafield>
          <marc:datafield tag="300" ind1=" " ind2=" ">
            <marc:subfield code="a">Höhe: 13,8 cm
Durchmesser: 16,2 cm (Rdm.)
Durchmesser: 15,3 cm (Öffnungsdm.)
Durchmesser: 20,6 cm (max. Dm.)
Durchmesser: 6,6 cm (Bdm.)</marc:subfield>
          </marc:datafield>
          <marc:datafield tag="520" ind1=" " ind2=" ">
            <marc:subfield code="a">Die freistehende Urne mit Deckschale war beim Abgraben  angeschnitten worden. Der Henkel der Deckschale befand sich ehemals vermutlich im  N. Die Grabgrube war mit grauem Sand, durchsetzt mit Leichenbrand, verfüllt. Im W auf Höhe der Deckschale befand sich ein Feuer steinartefakt. Die Urne war bis 5 cm über Innenboden mit Leichenbrand verfüllt. Die Schädelteile streuten über den gesamten Bereich.

a)  Eingliedrige Terrine (Hofmann Typ  A 3 a). Standfuß; innen und außen geglättet. (Hofmann 2008 Teil 2, 88.; Baier 11/2022)

Ausgrabungs- / Untersuchungsdatum: 1966 - 1968

Beschrieben in:
K. P. Hofmann, „Der rituelle Umgang mit dem Tod Untersuchungen zu bronze- und früheisenzeitlichen Brandbestattungen im Elbe-Weser-Dreieck - Teil 2“. Komissionsverlag Isensee, Oldenburg, 2008. (Katalog B Bötersen 50 Nr. 82, Taf. 80.)

Veröffentlicht in:
K. P. Hofmann, „Der rituelle Umgang mit dem Tod Untersuchungen zu bronze- und früheisenzeitlichen Brandbestattungen im Elbe-Weser-Dreieck - Teil 1“. Komissionsverlag Isensee, Oldenburg, 2008.</marc:subfield>
          </marc:datafield>
          <marc:datafield tag="500" ind1=" " ind2=" ">
            <marc:subfield code="a">Nachlass/Erbschaft/Vermächtnis

1983

übernommen aus dem Nachlass K. Machunsky</marc:subfield>
          </marc:datafield>
          <marc:datafield tag="773" ind1="0" ind2=" ">
            <marc:subfield code="t">Archäologische Funde aus dem Landkreis Rotenburg (Wümme)</marc:subfield>
          </marc:datafield>
          <marc:datafield tag="852" ind1=" " ind2=" ">
            <marc:subfield code="a">Kreisarchäologie Rotenburg</marc:subfield>
          </marc:datafield>
          <marc:datafield tag="852" ind1=" " ind2=" ">
            <marc:subfield code="a">Bötersen (Sottrum, Rotenburg (Wümme), Niedersachsen)</marc:subfield>
          </marc:datafield>
          <marc:datafield tag="" ind1=" " ind2=" ">
            <marc:subfield code="a">Namensnennung - Weitergabe unter gleichen Bedingungen 4.0 International (CC BY-SA 4.0)</marc:subfield>
          </marc:datafield>
        </marc:record>
      </metadata>
    </record>
  </GetRecord>
</OAI-PMH>
